| 000 | 00492nam a2200181Ia 4500 | ||
|---|---|---|---|
| 005 | 20250813121601.0 | ||
| 008 | 231207s9999 xx 000 0 und d | ||
| 020 | _a3893570578 | ||
| 040 | _cPK-LaNCA | ||
| 082 |
_a709.04 _bWAR |
||
| 100 | _aWarmerdam, Marijka Van | ||
| 245 | 0 |
_aLila la la _cMarijka Van Warmerdam |
|
| 260 |
_bMit Unterstutzung _aBerlin _c1999 |
||
| 300 |
_a64p _bill |
||
| 546 | _aEnglish, German | ||
| 650 | _aArt, Modern--20th century, Art--Exhibition | ||
| 942 | _cMA-VA | ||
| 999 |
_c11819 _d11819 |
||